LEADER 03865nam 2200733Ia 450 001 9910954877003321 005 20200520144314.0 010 $a9786612070365 010 $a9781282070363 010 $a1282070363 010 $a9780226429809 010 $a0226429806 024 7 $a10.7208/9780226429809 035 $a(CKB)1000000000748463 035 $a(EBL)432252 035 $a(OCoLC)435816786 035 $a(SSID)ssj0000113995 035 $a(PQKBManifestationID)11828174 035 $a(PQKBTitleCode)TC0000113995 035 $a(PQKBWorkID)10101930 035 $a(PQKB)10622603 035 $a(StDuBDS)EDZ0000122512 035 $a(DE-B1597)524501 035 $a(OCoLC)1135589601 035 $a(DE-B1597)9780226429809 035 $a(Au-PeEL)EBL432252 035 $a(CaPaEBR)ebr10288707 035 $a(CaONFJC)MIL207036 035 $a(OCoLC)646810200 035 $a(MiAaPQ)EBC432252 035 $a(Perlego)1851110 035 $a(EXLCZ)991000000000748463 100 $a20080311d2008 uy 0 101 0 $aeng 135 $aur|n|---||||| 181 $ctxt 182 $cc 183 $acr 200 10$aBorrowed knowledge $echaos theory and the challenge of learning across disciplines /$fStephen H. Kellert 205 $a1st ed. 210 $aChicago $cUniversity of Chicago Press$d2008 215 $a1 online resource (303 p.) 300 $aDescription based upon print version of record. 311 08$a9780226429786 311 08$a0226429784 320 $aIncludes bibliographical references and index. 327 $tFrontmatter -- $tContents -- $tAcknowledgments -- $t1. What Was Chaos Theory, and Why Would People Want to Borrow It? -- $t2. Disciplinary Pluralism -- $t3. The Rhetorical Functions of Borrowing and the Uses of Disciplinary Prestige -- $t4. Motivating Methodological Change -- $t5. Metaphorical Chaos -- $t6. How to Criticize a Metaphor -- $t7. Facts, Values, and Intervention -- $t8. Beautiful Chaos? -- $t9. Postmodern Chaos and the Challenge of Pluralism -- $tNotes -- $tWorks Cited -- $tIndex 330 $aWhat happens to scientific knowledge when researchers outside the natural sciences bring elements of the latest trend across disciplinary boundaries for their own purposes? Researchers in fields from anthropology to family therapy and traffic planning employ the concepts, methods, and results of chaos theory to harness the disciplinary prestige of the natural sciences, to motivate methodological change or conceptual reorganization within their home discipline, and to justify public policies and aesthetic judgments. Using the recent explosion in the use (and abuse) of chaos theory, Borrowed Knowledge and the Challenge of Learning across Disciplines examines the relationship between science and other disciplines as well as the place of scientific knowledge within our broader culture. Stephen H. Kellert's detailed investigation of the myriad uses of chaos theory reveals serious problems that can arise in the interchange between science and other knowledge-making pursuits, as well as opportunities for constructive interchange. By engaging with recent debates about interdisciplinary research, Kellert contributes a theoretical vocabulary and a set of critical frameworks for the rigorous examination of borrowing. 606 $aChaotic behavior in systems 606 $aScience$xPhilosophy 606 $aInterdisciplinary approach to knowledge 615 0$aChaotic behavior in systems. 615 0$aScience$xPhilosophy. 615 0$aInterdisciplinary approach to knowledge. 676 $a003/.857 686 $aSK 890$qSEPA$2rvk 700 $aKellert$b Stephen H$088682 801 0$bMiAaPQ 801 1$bMiAaPQ 801 2$bMiAaPQ 906 $aBOOK 912 $a9910954877003321 996 $aBorrowed knowledge$94366027 997 $aUNINA LEADER 03178nam 22006015 450 001 9910647788203321 005 20251009072207.0 010 $a9789811983757$b(electronic bk.) 010 $z9789811983740 024 7 $a10.1007/978-981-19-8375-7 035 $a(MiAaPQ)EBC7192173 035 $a(Au-PeEL)EBL7192173 035 $a(CKB)26094849900041 035 $a(DE-He213)978-981-19-8375-7 035 $a(PPN)268209774 035 $a(EXLCZ)9926094849900041 100 $a20230206d2023 u| 0 101 0 $aeng 135 $aurcnu|||||||| 181 $ctxt$2rdacontent 182 $cc$2rdamedia 183 $acr$2rdacarrier 200 10$aIntroduction to Kienböck?s Disease $eBasic Science, Diagnosis and Treatment /$fedited by Norimasa Iwasaki 205 $a1st ed. 2023. 210 1$aSingapore :$cSpringer Nature Singapore :$cImprint: Springer,$d2023. 215 $a1 online resource (118 pages) 311 08$aPrint version: Iwasaki, Norimasa Introduction to Kienböck's Disease Singapore : Springer,c2023 9789811983740 327 $aPart I: Introduction -- Introduction -- Part II: Pathogenesis and Basic Science -- Wrist Anatomy & Vascularity -- Wrist biomechanics -- Part III: Etiology -- Etiology -- Part IV: Diagnosis -- History & Presentation.-Imaging (XP, CT, MRI, Staging) -- Part V: Treatment and Outcome -- Treatment Strategy -- Surgical Treatments - Conservative Treatment -- Surgical Treatments ? Revascularization -- Surgical Treatments - Radial Osteotomy -- Surgical Treatments - Capitate Shortening -- Surgical Treatments - Partial Wrist Fusion -- Surgical Treatments - Lunate Excision -- Surgical Treatments - Salvage Operations, Proximal Row Carpectomy, Wrist Fusion and Denervation. 330 $aThis book covers the pathogenesis, etiology, diagnosis and treatment options for avascular necrosis of the lunate, offering readers a systematic overview of Kienbock?s disease. Each chapter shares scientific findings and abundant illustrations on the latest advances in the diagnosis and treatment of the disease. Although some factors are known to be associated with this condition, there are no conclusively verified causes or standard treatment. This book provides an essential basis for new approaches and further research into this largely unexplained condition. Accordingly, it offers a valuable resource for hand and orthopedic surgeons, clinical residents and medical students seeking a thought-provoking, instructive and informative read. 606 $aSurgery 606 $aOrthopedics 606 $aNeurology 606 $aMedical sciences 606 $aSurgery 606 $aOrthopaedics 606 $aNeurology 606 $aHealth Sciences 615 0$aSurgery. 615 0$aOrthopedics. 615 0$aNeurology. 615 0$aMedical sciences. 615 14$aSurgery. 615 24$aOrthopaedics. 615 24$aNeurology. 615 24$aHealth Sciences. 676 $a016.155234 702 $aIwasaki$b Norimasa 801 0$bMiAaPQ 801 1$bMiAaPQ 801 2$bMiAaPQ 912 $a9910647788203321 996 $aIntroduction to Kienböck's Disease$93017463 997 $aUNINA